000 00419nam a22001457a 4500
008 250701b |||||||| |||| 00| 0 eng d
020 _a9799789243426
050 _a.E94
_b.E94
100 _aEzenwa Joe
245 _aContemporary business strategies and models
260 _aLagos
_bRockfield Nigeria limited
_c2012
300 _axiv, 386p.
_bill.
650 _aStrategic planning
_vMarketing management
942 _cBK
999 _c4021
_d4021